<?xml version='1.0' encoding='UTF-8'?>
  <record xmlns="http://www.loc.gov/MARC21/slim">
    <leader>00000cam a22000007i 4500</leader>
    <controlfield tag="001">ocm68856257</controlfield>
    <controlfield tag="003">OCoLC</controlfield>
    <controlfield tag="005">20240801234722.3</controlfield>
    <controlfield tag="008">960129s1723    ne            000 0 lat d</controlfield>
    <datafield tag="040" ind1=" " ind2=" ">
      <subfield code="a">NLGGC</subfield>
      <subfield code="b">dut</subfield>
      <subfield code="e">fobidrtb</subfield>
      <subfield code="c">NLGGC</subfield>
      <subfield code="d">OCLCO</subfield>
      <subfield code="d">OCLCL</subfield>
      <subfield code="d">OCLCQ</subfield>
    </datafield>
    <datafield tag="029" ind1="0" ind2=" ">
      <subfield code="a">NLGGC</subfield>
      <subfield code="b">145274500</subfield>
    </datafield>
    <datafield tag="035" ind1=" " ind2=" ">
      <subfield code="a">(OCoLC)68856257</subfield>
    </datafield>
    <datafield tag="100" ind1="1" ind2=" ">
      <subfield code="a">Fabricius, Hieronymus,</subfield>
      <subfield code="d">1533-1619.</subfield>
      <subfield code="1">https://id.oclc.org/worldcat/entity/E39PBJbM43wKxfyGFj6Wf44cyd</subfield>
    </datafield>
    <datafield tag="245" ind1="1" ind2="0">
      <subfield code="a">Hieronymi Fabricii ab Aquapendente ... Opera chirurgica. Quorum pars prior Pentateuchum chirurgicum, posterior Operationes chirurgicas continet ... Item, De abusu cucurbitularum in febribus putridis dissertatio, è Musaeo ejusdem.</subfield>
    </datafield>
    <datafield tag="246" ind1="3" ind2=" ">
      <subfield code="a">Opera chirurgica</subfield>
    </datafield>
    <datafield tag="260" ind1=" " ind2=" ">
      <subfield code="a">Lugduni Batavorum :</subfield>
      <subfield code="b">ex officina Boutesteniana,</subfield>
      <subfield code="c">1723.</subfield>
    </datafield>
    <datafield tag="300" ind1=" " ind2=" ">
      <subfield code="a">? :</subfield>
      <subfield code="b">ill. ;</subfield>
      <subfield code="c">in-2.</subfield>
    </datafield>
    <datafield tag="336" ind1=" " ind2=" ">
      <subfield code="a">tekst</subfield>
      <subfield code="b">txt</subfield>
      <subfield code="2">rdacontent/dut</subfield>
    </datafield>
    <datafield tag="337" ind1=" " ind2=" ">
      <subfield code="a">zonder medium</subfield>
      <subfield code="b">n</subfield>
      <subfield code="2">rdamedia/dut</subfield>
    </datafield>
    <datafield tag="338" ind1=" " ind2=" ">
      <subfield code="a">band</subfield>
      <subfield code="b">nc</subfield>
      <subfield code="2">rdacarrier/dut</subfield>
    </datafield>
    <datafield tag="500" ind1=" " ind2=" ">
      <subfield code="a">* 4 2* 2 A-H 4 I 8 K-2Z 4 3A-G 2.</subfield>
    </datafield>
    <datafield tag="510" ind1="0" ind2=" ">
      <subfield code="a">BMN 1-75</subfield>
    </datafield>
    <datafield tag="530" ind1=" " ind2=" ">
      <subfield code="a">Titel is geselecteerd voor digitalisering voor de Universiteit van Amsterdam in het kader van het Google Books-project.</subfield>
    </datafield>
    <datafield tag="710" ind1="0" ind2=" ">
      <subfield code="a">Boutesteniana, officina (Leiden)</subfield>
      <subfield code="4">prt</subfield>
      <subfield code="0">(NL-LeOCL)112218601</subfield>
    </datafield>
    <datafield tag="758" ind1=" " ind2=" ">
      <subfield code="a">Hieronymi Fabricii ab Aquapendente ... Opera chirurgica Quorum pars prior Pentateuchum chirurgicum, posterior Operationes chirurgicas continet ... Item, De abusu cucurbitularum in febribus putridis dissertatio, è Musaeo ejusdem (Text)</subfield>
      <subfield code="1">https://id.oclc.org/worldcat/entity/E39PCFDyfWJr9J3gJRxRMbjJym</subfield>
      <subfield code="4">https://id.oclc.org/worldcat/ontology/hasWork</subfield>
    </datafield>
    <datafield tag="776" ind1="0" ind2=" ">
      <subfield code="t">Hieronymi Fabricii ab Aquapendente ... Opera chirurgica. Quorum pars prior Pentateuchum chirurgicum, posterior Operationes chirurgicas continet ... Item, De abusu cucurbitularum in febribus putridis dissertatio, è Musaeo ejusdem</subfield>
      <subfield code="w">(NL-LeOCL)396899854</subfield>
    </datafield>
    <datafield tag="776" ind1="0" ind2=" ">
      <subfield code="t">Hieronymi Fabricii ab Aquapendente ... Opera chirurgica. Quorum pars prior Pentateuchum chirurgicum, posterior Operationes chirurgicas continet ... Item, De abusu cucurbitularum in febribus putridis dissertatio, è Musaeo ejusdem</subfield>
      <subfield code="w">(NL-LeOCL)432881395</subfield>
    </datafield>
    <datafield tag="776" ind1="0" ind2=" ">
      <subfield code="t">Hieronymi Fabricii ab Aquapendente ... Opera chirurgica. Quorum pars prior Pentateuchum chirurgicum, posterior Operationes chirurgicas continet ... Item, De abusu cucurbitularum in febribus putridis dissertatio, è Musaeo ejusdem</subfield>
      <subfield code="w">(NL-LeOCL)432881417</subfield>
    </datafield>
    <datafield tag="776" ind1="0" ind2=" ">
      <subfield code="t">Hieronymi Fabricii ab Aquapendente ... Opera chirurgica. Quorum pars prior Pentateuchum chirurgicum, posterior Operationes chirurgicas continet ... Item, De abusu cucurbitularum in febribus putridis dissertatio, è Musaeo ejusdem</subfield>
      <subfield code="w">(NL-LeOCL)432881433</subfield>
    </datafield>
    <datafield tag="936" ind1=" " ind2=" ">
      <subfield code="a">BATCHLOAD</subfield>
    </datafield>
  </record>